Pendidikan Al-Quran Dan As-Sunnah

Bibliographic Details
Main Author: Kamal Mahyuddin Harun
Format: Book
Published: Kuala Lumpur : Pustaka Aman Press Sdn Bhd , 1992
Subjects:

MARC

LEADER 00000cam a2200000 7i4500
001 0000080121
005 20110117.0
008 110117 bm
090 0 0 |a 297.07 KAM 
100 1 |a Kamal Mahyuddin Harun 
245 1 0 |a Pendidikan Al-Quran Dan As-Sunnah   |c Kamal Mahyuddin Harun 
260 |a Kuala Lumpur :   |b Pustaka Aman Press Sdn Bhd ,   |c 1992 
300 |a 116p ;   |c 18cm. 
650 0 0 |a Islamic 
999 |a 0000256558   |b Buku   |c Rak Terbuka   |e Perpustakaan Cawangan Jasin